LEADER 01180nam0-2200337---450- 001 990009427810403321 005 20111222175655.0 035 $a000942781 035 $aFED01000942781 035 $a(Aleph)000942781FED01 035 $a000942781 100 $a20110920d1948----km-y0itay50------ba 101 0 $aita 102 $aIT 105 $aa-------000yy 200 1 $aAttivitą durante il 1948$erelazione a S. E. il Ministro dell' agricoltura e delle foreste$f[Giuseppe Catalano] 210 $aNapoli$cIGEA$d1948 215 $a16 p.$cill.$d25 cm 300 $aEstr. da: Delpinoa. n.s. Bullettino dell'Istituto ed Orto botanico dell'Universitą di Napoli, vol.1 tomo 18 300 $aIn testa al front.: Stazione sperimentale per le piante officinali 610 0 $aPiante officinali$aColtivazione sperimentale 676 $a633.88$v19$zita 700 1$aCatalano,$bGiuseppe$f<1888-1981>$0492715 801 0$aIT$bUNINA$gRICA$2UNIMARC 901 $aBK 912 $a990009427810403321 952 $a60 DONO CATALANO 112/6$b13405$fFAGBC 952 $a60 DONO CATALANO 113/5$b13406$fFAGBC 959 $aFAGBC 996 $aAttivitą durante il 1948$9760074 997 $aUNINA LEADER 01197nam2-2200385---450- 001 990005989930203316 005 20141211123549.0 010 $a978-88-04-64868-0 035 $a000598993 035 $aUSA01000598993 035 $a(ALEPH)000598993USA01 035 $a000598993 100 $a20121214d2014----km-y0itay50------ba 101 1 $aita$cheb 102 $aIT 105 $ay|||||||001yy 200 1 $aApplausi a scena vuota$eromanzo$fDavid Grossman$gtraduzione di Alessandra Shomroni 210 $aMilano$cMondadori$d2014 215 $a176 p.$d24 cm 225 2 $aScrittori italiani e stranieri 300 $aA pagina IV di copertina: eBook disponibile 410 0$12001$aScrittori italiani e stranieri 454 0$12001$aSuss echad nichnass lebar$916952 676 $a892.436 700 1$aGROSSMAN,$bDavid$0476367 702 1$aSHOMRONI,$bAlessandra 801 0$aIT$bsalbc$gISBD 912 $a990005989930203316 951 $aVIII.2.A. 415$b10511 L.G.$cVIII.2.$d365192 959 $aBK 969 $aUMA 979 $aANNAMARIA$b90$c20141211$lUSA01$h1234 979 $aANNAMARIA$b90$c20141211$lUSA01$h1235 996 $aSuss echad nichnass lebar$916952 997 $aUNISA LEADER 01912oas 2200625 a 450 001 9910139106103321 005 20250920213016.0 035 $a(DE-599)ZDB2696386-3 035 $a(OCoLC)700325330 035 $a(CONSER) 2013235020 035 $a(CKB)2560000000084310 035 $a(EXLCZ)992560000000084310 100 $a20110203b19251962 uy 101 0 $aeng 135 $aurbn||||||abp 181 $ctxt$2rdacontent 182 $cc$2rdamedia 183 $acr$2rdacarrier 200 10$aMiscellanies /$fJewish Historical Society of England 210 1$aLondon :$cPrinted for the Society by Spottiswoode, Ballantyne & Co.,$d1925-1962. 215 $a1 online resource 300 $a"Contains notes and documents which were not read at meetings of the society ... Members of the society received all these Miscellanies in detail as they were printed, but they are now issued in volume form"--Preface. 311 1 $a2047-234X 517 1 $aMiscellanies of the Jewish Historical Society of England 606 $aJews$vPeriodicals 606 $aJews$zGreat Britain$vPeriodicals 606 $aJews$2fast$3(OCoLC)fst00983135 607 $aGreat Britain$2fast$1https://id.oclc.org/worldcat/entity/E39PBJdmp7p3cx8hpmJ8HvmTpP 608 $aCzasopismo historyczne.$2dbn 608 $aPeriodicals.$2fast 608 $aSerial publications.$2lcgft 615 0$aJews 615 0$aJews 615 7$aJews. 712 02$aJewish Historical Society of England, 801 0$bOCLCE 801 1$bOCLCE 801 2$bEYM 801 2$bOCLCQ 801 2$bHUL 801 2$bOCLCF 801 2$bOCLCQ 801 2$bAU@ 801 2$bOCL 801 2$bVT2 801 2$bOCLCQ 801 2$bQGK 801 2$bOCLCO 801 2$bOCLCL 801 2$bWAU 801 2$bOCLCL 906 $aJOURNAL 912 $a9910139106103321 996 $aMiscellanies$91208494 997 $aUNINA